| 000 | 00432cam a2200169ua 4500 | ||
|---|---|---|---|
| 020 | _cRs.3.75 | ||
| 041 |
_aeng _h |
||
| 082 |
_a894.8124 _bBHA/UP |
||
| 100 | _aBhaskaran Nair, . | ||
| 245 |
_aUpaharam / _cK.Bhaskaran Nair. _hTextual Documents |
||
| 260 |
_aKottayam : _bSahitya Pravarthaka Co-operative Society , _c1970. |
||
| 300 | _a216 ; . | ||
| 365 | _aRs.3.75 | ||
| 504 | _a | ||
| 942 | _cBK | ||
| 999 |
_c502 _d502 |
||